| 000 | 00480nam a22001937a 4500 | ||
|---|---|---|---|
| 003 | MPLRDC | ||
| 005 | 20220104125713.0 | ||
| 008 | 210129b ||||| |||| 00| 0 eng d | ||
| 020 | _a978-986-177-470-1 | ||
| 082 | _a415.5 WWJZ | ||
| 100 | _a武位教子 | ||
| 245 |
_a肠道净化法 _c李毓昭 译 |
||
| 250 | _a初版 | ||
| 260 |
_a台湾 _b晨星出版社 _c2011 |
||
| 300 | _b230 | ||
| 490 | _a健康与饮食. 41 | ||
| 650 | _a消化系统 | ||
| 942 |
_cBK _o415.5 WWJZ |
||
| 999 |
_c29479 _d29469 |
||